[Event "IECC P email"]
[Site "IECC email"]
[Date "2003.01.18"]
[Round "?"]
[White "Ladkin, Peter"]
[Black "Foch, Louis"]
[Result "0-1"]
[WhiteElo "759"]
[BlackElo "1686"]
[PlyCount "72"]
[EventDate "2003.??.??"]
[EventType "tourn (corr)"]
[EventRounds "6"]
[SourceTitle "Corr 2008"]
[Source "ChessBase"]
[SourceDate "2008.06.24"]
[SourceVersion "1"]
[SourceVersionDate "2008.06.24"]
[SourceQuality "1"]

1. Nf3 Nc6 2. g3 Nf6 3. Bg2 e5 4. 0-0 e4 5. Nh4 g5 6. Nf5 d5 7. d3 Bxf5 8. Bxg5 h6 9. Bxf6 Qxf6 10. Nc3 0-0-0 11. d4 Qxd4 12. Nb5 Qxb2 13. a4 a6 14. Rb1 Qf6 15. e3 axb5 16. axb5 Ne5 17. Ra1 Kb8 18. Qd4 Nf3+ 19. Bxf3 Qxd4 20. exd4 exf3 21. Rfc1 Bg7 22. Ra3 Bxd4 23. c3 Bc5 24. Ra4 Be4 25. Rca1 Kc8 26. c4 d4 27. Re1 Bc2 28. Ra8+ Kd7 29. Ra2 Rhe8 30. Raa1 Rxe1+ 31. Rxe1 Re8 32. Rc1 d3 33. h4 d2 34. Rf1 Re1 35. g4 Rxf1+ 36. Kxf1 d1Q# 0-1

[Event "IECC KO email"]
[Site "IECC email"]
[Date "2002.12.19"]
[Round "?"]
[White "Selijanchin, Nikolaj"]
[Black "Foch, Louis"]
[Result "1-0"]
[WhiteElo "1418"]
[BlackElo "1700"]
[PlyCount "57"]
[EventDate "2002.??.??"]
[EventType "tourn (corr)"]
[EventRounds "6"]
[SourceTitle "Corr 2008"]
[Source "ChessBase"]
[SourceDate "2008.06.24"]
[SourceVersion "1"]
[SourceVersionDate "2008.06.24"]
[SourceQuality "1"]

1. d4 Nf6 2. Nf3 d5 3. c4 e6 4. Nc3 Bb4 5. cxd5 exd5 6. Bg5 0-0 7. e3 h6 8. Bh4 c5 9. dxc5 Be6 10. Rc1 Nbd7 11. Be2 g5 12. Bg3 Bxc3+ 13. Rxc3 Ne4 14. Ra3 Ndxc5 15. Be5 f6 16. Bd4 b6 17. 0-0 a5 18. Ne1 Rc8 19. Nd3 Rf7 20. b4 Nxd3 21. Bxd3 axb4 22. Ra6 Rb7 23. Ra4 Nc3 24. Bxc3 bxc3 25. Ba6 c2 26. Qc1 Qd7 27. Rb4 Bf5 28. Bxb7 Qxb7 29. Qb2 1-0

[Event "IECC KO email"]
[Site "IECC email"]
[Date "2002.09.23"]
[Round "?"]
[White "Newton, Hobart E"]
[Black "Foch, Louis"]
[Result "1-0"]
[WhiteElo "2047"]
[BlackElo "1745"]
[PlyCount "45"]
[EventDate "2002.??.??"]
[EventType "tourn (corr)"]
[EventRounds "6"]
[SourceTitle "Corr 2008"]
[Source "ChessBase"]
[SourceDate "2008.06.24"]
[SourceVersion "1"]
[SourceVersionDate "2008.06.24"]
[SourceQuality "1"]

1. e4 e6 2. d4 d5 3. Nd2 c5 4. exd5 exd5 5. Ngf3 Nc6 6. Bb5 Qe7+ 7. Be2 g5 8. h3 f5 9. 0-0 g4 10. Re1 gxf3 11. Bxf3 Be6 12. c4 Nxd4 13. cxd5 0-0-0 14. dxe6 Qf6 15. Nb3 Nxe6 16. Qe2 Nc7 17. Bf4 Bd6 18. Bxd6 Rxd6 19. Nxc5 b6 20. Na6 Ne7 21. Qxe7 Qxe7 22. Rxe7 Nxa6 23. Rc1+ 1-0

[Event "IECC KO email"]
[Site "IECC email"]
[Date "2002.09.21"]
[Round "?"]
[White "Carothers, Charles"]
[Black "Foch, Louis"]
[Result "1-0"]
[WhiteElo "1715"]
[BlackElo "1763"]
[PlyCount "47"]
[EventDate "2002.??.??"]
[EventType "tourn (corr)"]
[EventRounds "6"]
[SourceTitle "Corr 2008"]
[Source "ChessBase"]
[SourceDate "2008.06.24"]
[SourceVersion "1"]
[SourceVersionDate "2008.06.24"]
[SourceQuality "1"]

1. e4 e5 2. Nc3 Nc6 3. Bc4 Nf6 4. d3 Na5 5. Nge2 Nxc4 6. dxc4 Bc5 7. 0-0 0-0 8. Bg5 c6 9. Qd3 d6 10. Na4 Bb4 11. c3 Ba3 12. bxa3 Be6 13. Ng3 Qa5 14. Bxf6 gxf6 15. Nh5 Rfd8 16. Qg3+ Kf8 17. Rab1 b6 18. Qg7+ Ke7 19. Qxf6+ Kd7 20. Nb2 Qxa3 21. Ng7 Kc7 22. c5 Qxc5 23. Qxe6 fxe6 24. Nxe6+ 1-0

[Event "IECC KO email"]
[Site "IECC email"]
[Date "2002.06.20"]
[Round "?"]
[White "Foch, Louis"]
[Black "Turko, Sergey Ivanovich"]
[Result "0-1"]
[WhiteElo "1757"]
[BlackElo "1894"]
[PlyCount "30"]
[EventDate "2002.??.??"]
[EventType "tourn (corr)"]
[EventRounds "6"]
[SourceTitle "Corr 2008"]
[Source "ChessBase"]
[SourceDate "2008.06.24"]
[SourceVersion "1"]
[SourceVersionDate "2008.06.24"]
[SourceQuality "1"]

1. d4 d5 2. c4 dxc4 3. e4 e5 4. Nf3 exd4 5. Bxc4 Bb4+ 6. Bd2 Bxd2+ 7. Nbxd2 Nc6 8. Qb3 Qf6 9. 0-0 Nge7 10. e5 Qg6 11. Bb5 0-0 12. Rfe1 Be6 13. Bc4 Na5 14. Qd3 Nxc4 15. Nxc4 Qxd3 0-1

[Event "IECC KO email"]
[Site "IECC email"]
[Date "2002.06.20"]
[Round "?"]
[White "Shchepetnev, Vasiliy"]
[Black "Foch, Louis"]
[Result "1/2-1/2"]
[WhiteElo "1904"]
[BlackElo "1809"]
[PlyCount "47"]
[EventDate "2002.??.??"]
[EventType "tourn (corr)"]
[EventRounds "6"]
[SourceTitle "Corr 2008"]
[Source "ChessBase"]
[SourceDate "2008.06.24"]
[SourceVersion "1"]
[SourceVersionDate "2008.06.24"]
[SourceQuality "1"]

1. e4 e5 2. Nc3 Nc6 3. Nf3 Nf6 4. Bc4 Nxe4 5. Nxe4 d5 6. Bd3 dxe4 7. Bxe4 Ne7 8. c3 f5 9. Bc2 e4 10. Ne5 Qd5 11. f4 Be6 12. Bb3 Qd6 13. d4 g6 14. Ba4+ c6 15. Bb3 Bg7 16. Be3 Nd5 17. Qd2 Nxe3 18. Qxe3 0-0 19. 0-0 Rad8 20. Qf2 Rfe8 21. Rae1 Bxb3 22. axb3 Qd5 23. b4 a6 24. Qe2 1/2-1/2

[Event "IECC Swiss email"]
[Site "IECC email"]
[Date "2002.06.09"]
[Round "?"]
[White "Turko, Sergey Ivanovich"]
[Black "Foch, Louis"]
[Result "1-0"]
[WhiteElo "1988"]
[BlackElo "1770"]
[PlyCount "81"]
[EventDate "2002.??.??"]
[EventType "tourn (corr)"]
[EventRounds "6"]
[SourceTitle "Corr 2008"]
[Source "ChessBase"]
[SourceDate "2008.06.24"]
[SourceVersion "1"]
[SourceVersionDate "2008.06.24"]
[SourceQuality "1"]

1. c4 e5 2. Nc3 e4 3. Nxe4 c6 4. Nc3 d5 5. cxd5 cxd5 6. d4 Nf6 7. Bg5 Bb4 8. Nf3 0-0 9. Qb3 Nc6 10. e3 Bf5 11. Rc1 Qd6 12. Bxf6 Qxf6 13. Qxd5 Rfe8 14. a3 Rad8 15. Qb5 Bxc3+ 16. bxc3 Be4 17. Nd2 Bd5 18. Bc4 Bxg2 19. Rg1 Nxd4 20. cxd4 Qxd4 21. Nf1 Bc6 22. Qb4 Qf6 23. Qc3 Qh6 24. h4 Re4 25. Ng3 Rg4 26. Be2 Rg6 27. h5 Rf6 28. Qa5 b6 29. Qxa7 Be8 30. Qe7 Ra8 31. Qb7 Rd8 32. Rc8 Rxc8 33. Qxc8 Kf8 34. Nf5 Rc6 35. Qxe8+ Kxe8 36. Nxh6 Rxh6 37. Rxg7 Kf8 38. Rg5 Rc6 39. a4 Ke7 40. Rg7 h6 41. Rh7 1-0

[Event "IECC Swiss email"]
[Site "IECC email"]
[Date "2001.12.14"]
[Round "?"]
[White "Femmel, Don"]
[Black "Foch, Louis"]
[Result "1-0"]
[WhiteElo "2131"]
[BlackElo "1788"]
[PlyCount "67"]
[EventDate "2001.??.??"]
[EventType "tourn (corr)"]
[EventRounds "6"]
[SourceTitle "Corr 2008"]
[Source "ChessBase"]
[SourceDate "2008.06.24"]
[SourceVersion "1"]
[SourceVersionDate "2008.06.24"]
[SourceQuality "1"]

1. e4 c6 2. d4 d5 3. Nc3 e6 4. Nf3 Bb4 5. e5 c5 6. Bd2 Ne7 7. Nb5 Bxd2+ 8. Qxd2 0-0 9. dxc5 Nd7 10. Qc3 a6 11. Nd6 Qc7 12. Rc1 f6 13. exf6 Nxf6 14. Qa3 Nd7 15. b4 b6 16. Qe3 e5 17. Nxc8 Raxc8 18. cxb6 Qb7 19. Be2 Nf5 20. Qd2 e4 21. Nd4 Nxd4 22. Qxd4 Nxb6 23. 0-0 Kh8 24. c3 Kg8 25. Rfd1 Rc7 26. c4 dxc4 27. Bxc4+ Nxc4 28. Rxc4 Rxc4 29. Qxc4+ Qf7 30. Qxf7+ Kxf7 31. Rd7+ Kg8 32. a4 Rf6 33. Rb7 Kf8 34. a5 1-0

[Event "IECC KO email"]
[Site "IECC email"]
[Date "2001.11.30"]
[Round "?"]
[White "Foch, Louis"]
[Black "Zamora, Sammy"]
[Result "1/2-1/2"]
[WhiteElo "1750"]
[BlackElo "1787"]
[PlyCount "88"]
[EventDate "2001.??.??"]
[EventType "tourn (corr)"]
[EventRounds "6"]
[SourceTitle "Corr 2008"]
[Source "ChessBase"]
[SourceDate "2008.06.24"]
[SourceVersion "1"]
[SourceVersionDate "2008.06.24"]
[SourceQuality "1"]

1. e4 e5 2. Nf3 Nf6 3. Nxe5 d6 4. Nf3 Nxe4 5. d4 d5 6. Nbd2 Bg4 7. Bd3 Nc6 8. Nxe4 Bxf3 9. Qxf3 Nxd4 10. Qe3 dxe4 11. Bxe4 Be7 12. c3 Nc6 13. 0-0 Qd7 14. Qf3 0-0 15. Bf5 Qd8 16. Qh3 g6 17. Bh6 Re8 18. Bd7 Ne5 19. Bxe8 Qxe8 20. Bf4 Bd6 21. Qe3 Qb5 22. a4 Qb6 23. Qxb6 axb6 24. Bxe5 Bxe5 25. f4 Bd6 26. g3 Ra5 27. Rfe1 Kf8 28. Kg2 h5 29. Kf3 Ra8 30. b3 Ra5 31. Rad1 Ra8 32. h3 f5 33. Re2 Kf7 34. Rd5 Kf6 35. Re1 Kf7 36. h4 Kf6 37. Rdd1 Kf7 38. Re3 Rd8 39. Re2 Kf6 40. Rdd2 Kf7 41. Re1 Kf6 42. Rdd1 Kf7 43. Re2 Kf6 44. Rdd2 Kf7 1/2-1/2

[Event "IECC KO email"]
[Site "IECC email"]
[Date "2001.11.30"]
[Round "?"]
[White "Zamora, Sammy"]
[Black "Foch, Louis"]
[Result "1/2-1/2"]
[WhiteElo "1788"]
[BlackElo "1785"]
[PlyCount "65"]
[EventDate "2001.??.??"]
[EventType "tourn (corr)"]
[EventRounds "6"]
[SourceTitle "Corr 2008"]
[Source "ChessBase"]
[SourceDate "2008.06.24"]
[SourceVersion "1"]
[SourceVersionDate "2008.06.24"]
[SourceQuality "1"]

1. e4 e5 2. Nf3 d6 3. Bc4 Nf6 4. Nc3 Nc6 5. 0-0 Be7 6. h3 Nxe4 7. Nxe4 d5 8. Bb5 dxe4 9. Bxc6+ bxc6 10. Nxe5 Bf6 11. Nc4 0-0 12. Re1 Re8 13. a4 Ba6 14. Ne3 Rb8 15. Rb1 Qd6 16. b3 c5 17. Ba3 Rbd8 18. Qh5 Be5 19. Ng4 f6 20. Rbd1 Bd4 21. c3 Be5 22. d4 exd3 23. f4 Qd5 24. fxe5 d2 25. Re3 fxe5 26. Nf2 Bb7 27. Rg3 e4 28. Qh6 Qe5 29. Qe3 Qxg3 30. Qxg3 e3 31. Ng4 e2 32. Nh6+ Kh8 33. Nf7+ 1/2-1/2

[Event "IECC KO email"]
[Site "IECC email"]
[Date "2001.11.26"]
[Round "?"]
[White "Foch, Louis"]
[Black "Sawamura, Tetsushi"]
[Result "1-0"]
[WhiteElo "1767"]
[BlackElo "1899"]
[PlyCount "55"]
[EventDate "2001.??.??"]
[EventType "tourn (corr)"]
[EventRounds "6"]
[SourceTitle "Corr 2008"]
[Source "ChessBase"]
[SourceDate "2008.06.24"]
[SourceVersion "1"]
[SourceVersionDate "2008.06.24"]
[SourceQuality "1"]

1. e4 c6 2. d4 d5 3. exd5 cxd5 4. Nf3 Bg4 5. Bb5+ Nd7 6. h3 Bxf3 7. Qxf3 e6 8. Bf4 Ngf6 9. Nc3 Bb4 10. 0-0 Qa5 11. a4 Rc8 12. Na2 a6 13. Bxd7+ Nxd7 14. Nxb4 Qxb4 15. c3 Qxb2 16. Qg4 g6 17. Rfb1 Qc2 18. Rxb7 Qxc3 19. Rc1 Qxc1+ 20. Bxc1 Rxc1+ 21. Kh2 Rc3 22. a5 Ke7 23. Qg5+ Kd6 24. Ra7 Rc6 25. Qd2 e5 26. dxe5+ Nxe5 27. Qb4+ Rc5 28. Qh4 1-0

[Event "IECC Y2KO email"]
[Site "IECC email"]
[Date "2001.09.24"]
[Round "?"]
[White "Jimenez Alonso, Julio"]
[Black "Foch, Louis"]
[Result "0-1"]
[WhiteElo "2071"]
[BlackElo "1693"]
[PlyCount "58"]
[EventDate "2001.??.??"]
[EventType "tourn (corr)"]
[EventRounds "6"]
[SourceTitle "Corr 2008"]
[Source "ChessBase"]
[SourceDate "2008.06.24"]
[SourceVersion "1"]
[SourceVersionDate "2008.06.24"]
[SourceQuality "1"]

1. e4 e5 2. Nf3 Nc6 3. Bb5 Nd4 4. Nxd4 exd4 5. 0-0 c6 6. Ba4 d5 7. exd5 Qxd5 8. Bb3 Qf5 9. d3 Be6 10. Re1 Nf6 11. Nd2 0-0-0 12. Nf3 Bd6 13. Nh4 Qa5 14. Bxe6+ fxe6 15. Rxe6 Qd5 16. Re1 Rde8 17. Bd2 g5 18. Rxe8+ Rxe8 19. Nf3 g4 20. Nh4 Kb8 21. a3 Qb5 22. Qf1 Qxb2 23. Nf5 Bc7 24. Bb4 c5 25. Rb1 Qa2 26. Bxc5 Qd5 27. Rb5 Ka8 28. Ng7 Rg8 29. a4 a6 0-1

[Event "IECC KO email"]
[Site "IECC email"]
[Date "2001.06.11"]
[Round "?"]
[White "Foch, Louis"]
[Black "Newton, Hobart E"]
[Result "1/2-1/2"]
[WhiteElo "1701"]
[BlackElo "1992"]
[PlyCount "90"]
[EventDate "2001.??.??"]
[EventType "tourn (corr)"]
[EventRounds "6"]
[SourceTitle "Corr 2008"]
[Source "ChessBase"]
[SourceDate "2008.06.24"]
[SourceVersion "1"]
[SourceVersionDate "2008.06.24"]
[SourceQuality "1"]

1. e4 e5 2. Nf3 Nc6 3. Nc3 g6 4. d4 exd4 5. Nxd4 Bg7 6. Nxc6 bxc6 7. Bc4 Ne7 8. Be3 0-0 9. Bd4 d6 10. Bxg7 Kxg7 11. Qd4+ Kg8 12. 0-0 c5 13. Qd3 Rb8 14. b3 Nc6 15. f4 Be6 16. Nd5 Nb4 17. Qc3 Nxd5 18. exd5 Bf5 19. Rfe1 Re8 20. a4 Re4 21. Rxe4 Bxe4 22. Re1 f5 23. Qd2 Qf6 24. c3 Qe7 25. b4 cxb4 26. cxb4 Qd7 27. b5 Qg7 28. Rc1 h6 29. Qf2 a6 30. Qd2 Rb7 31. Rd1 axb5 32. Bxb5 Kh7 33. Re1 Qh8 34. h3 Qg7 35. Rd1 Qf6 36. Rc1 Kg8 37. Re1 h5 38. Rc1 Kh7 39. Rf1 Qf7 40. Rd1 Qg8 41. Kh2 Qg7 42. h4 Qf7 43. Kg3 Qg8 44. Kh3 Qh8 45. Rc1 Qf6 1/2-1/2

[Event "IECG CP.2000.P.00033"]
[Site "IECG email"]
[Date "2000.10.01"]
[Round "?"]
[White "Foch, Louis"]
[Black "De Booy, Marco"]
[Result "1-0"]
[WhiteElo "2093"]
[BlackElo "1355"]
[PlyCount "29"]
[EventDate "2000.10.01"]
[EventType "tourn (corr)"]
[EventRounds "6"]
[EventCountry "CAN"]
[SourceTitle "Corr 2008"]
[Source "ChessBase"]
[SourceDate "2008.06.24"]
[SourceVersion "1"]
[SourceVersionDate "2008.06.24"]
[SourceQuality "1"]

1. f4 f5 2. Nf3 Nf6 3. e3 e6 4. d4 Be7 5. Bd3 0-0 6. 0-0 Nc6 7. c4 d5 8. Nc3 Ne4 9. Bd2 b6 10. cxd5 exd5 11. Bb5 Bb7 12. Rc1 Qd6 13. Nxd5 a6 14. Bxc6 Bxc6 15. Nxe7+ 1-0

[Event "IECG CP.2000.P.00033"]
[Site "IECG email"]
[Date "2000.10.01"]
[Round "?"]
[White "Tkachenko, Oleg Pavlovich"]
[Black "Foch, Louis"]
[Result "0-1"]
[WhiteElo "1917"]
[BlackElo "2093"]
[PlyCount "76"]
[EventDate "2000.10.01"]
[EventType "tourn (corr)"]
[EventRounds "6"]
[EventCountry "CAN"]
[SourceTitle "Corr 2008"]
[Source "ChessBase"]
[SourceDate "2008.06.24"]
[SourceVersion "1"]
[SourceVersionDate "2008.06.24"]
[SourceQuality "1"]

1. d4 d5 2. c4 e6 3. Nc3 Nf6 4. Bg5 Bb4 5. e3 c5 6. cxd5 Qa5 7. Bxf6 Bxc3+ 8. bxc3 Qxc3+ 9. Ke2 Qb2+ 10. Kf3 gxf6 11. Qb1 Qxb1 12. Rxb1 cxd4 13. exd4 exd5 14. Bd3 Nc6 15. Ne2 b6 16. Bb5 Bd7 17. Bxc6 Bxc6 18. Nf4 0-0-0 19. Nh5 Rd6 20. Rhe1 Kd8 21. Rb3 Re8 22. Rbe3 Re4 23. Rxe4 dxe4+ 24. Ke3 f5 25. Nf4 Rd7 26. Rc1 Bb7 27. h3 h6 28. g4 fxg4 29. hxg4 Ke7 30. Rh1 Rc7 31. d5 Rc2 32. a3 Bc8 33. Rh4 Rc4 34. Rxh6 Bxg4 35. d6+ Kd7 36. Rf6 Ra4 37. Rxf7+ Kxd6 38. Rf8 Bf3 0-1

[Event "IECC KO email"]
[Site "IECC email"]
[Date "2000.07.01"]
[Round "?"]
[White "Montalvo Torres, Juan Gilberto"]
[Black "Foch, Louis"]
[Result "1-0"]
[WhiteElo "1989"]
[BlackElo "1735"]
[PlyCount "89"]
[EventDate "2000.??.??"]
[EventType "tourn (corr)"]
[EventRounds "6"]
[SourceTitle "Corr 2008"]
[Source "ChessBase"]
[SourceDate "2008.06.24"]
[SourceVersion "1"]
[SourceVersionDate "2008.06.24"]
[SourceQuality "1"]

1. e4 e5 2. Nf3 Nc6 3. Bc4 Nf6 4. d4 exd4 5. 0-0 Nxe4 6. Re1 d5 7. Bxd5 Qxd5 8. Nc3 Qa5 9. Nxe4 Be6 10. Bd2 Qf5 11. Bg5 h6 12. Bh4 Bc5 13. Bf6 gxf6 14. Nh4 Qf4 15. Ng6 fxg6 16. Nxc5 Kf7 17. Nxe6 Qd6 18. c3 Rae8 19. Nxd4 Rxe1+ 20. Qxe1 Nxd4 21. cxd4 Qxd4 22. Rd1 Qg4 23. h3 Qc8 24. Qd2 g5 25. Re1 Qd8 26. Qc2 b6 27. Rd1 Qc8 28. Rc1 c5 29. b4 c4 30. a4 a6 31. b5 axb5 32. axb5 Re8 33. Qh7+ Ke6 34. Rd1 Ke5 35. Qf7 Re6 36. g4 c3 37. Qh7 Rd6 38. Re1+ Kd4 39. Qc2 Rd8 40. Re4+ Kc5 41. Qb3 Kd6 42. Rc4 Ke7 43. Qb4+ Kf7 44. Rxc8 Rxc8 45. Qd6 1-0

[Event "IECC Swiss email"]
[Site "IECC email"]
[Date "2000.06.09"]
[Round "?"]
[White "Foch, Louis"]
[Black "Hilton, Stephen H"]
[Result "1-0"]
[WhiteElo "1721"]
[BlackElo "1981"]
[PlyCount "38"]
[EventDate "2000.??.??"]
[EventType "tourn (corr)"]
[EventRounds "6"]
[SourceTitle "Corr 2008"]
[Source "ChessBase"]
[SourceDate "2008.06.24"]
[SourceVersion "1"]
[SourceVersionDate "2008.06.24"]
[SourceQuality "1"]

1. d4 Nf6 2. c4 g6 3. Nc3 d5 4. cxd5 Nxd5 5. e4 Nxc3 6. bxc3 c5 7. Nf3 Bg7 8. Bc4 0-0 9. Be3 Nc6 10. 0-0 Bg4 11. e5 e6 12. h3 Bxf3 13. Qxf3 cxd4 14. cxd4 Nxd4 15. Qxb7 Nc2 16. Rad1 Qc8 17. Qe4 Nxe3 18. fxe3 Qc5 19. Rd7 Qxe5 1-0

[Event "IECC Swiss email"]
[Site "IECC email"]
[Date "2000.05.15"]
[Round "?"]
[White "Foch, Louis"]
[Black "Theofel, Heiner"]
[Result "1-0"]
[WhiteElo "1730"]
[BlackElo "1584"]
[PlyCount "39"]
[EventDate "2000.??.??"]
[EventType "tourn (corr)"]
[EventRounds "6"]
[SourceTitle "Corr 2008"]
[Source "ChessBase"]
[SourceDate "2008.06.24"]
[SourceVersion "1"]
[SourceVersionDate "2008.06.24"]
[SourceQuality "1"]

1. e4 e5 2. Nf3 Nc6 3. Bb5 Bb4 4. c3 Ba5 5. Na3 Nge7 6. Nc4 f6 7. d4 exd4 8. Nxa5 Nxa5 9. Nxd4 0-0 10. 0-0 d6 11. b4 Nac6 12. Nxc6 Nxc6 13. Qd5+ Kh8 14. Bxc6 bxc6 15. Qxc6 Bd7 16. Qc4 Re8 17. Be3 Re5 18. a4 Be6 19. Qd4 c5 20. Qd3 1-0

[Event "IECC Swiss email"]
[Site "IECC email"]
[Date "2000.05.09"]
[Round "?"]
[White "Makarczuk, Jacek"]
[Black "Foch, Louis"]
[Result "1-0"]
[WhiteElo "1996"]
[BlackElo "1739"]
[PlyCount "97"]
[EventDate "2000.??.??"]
[EventType "tourn (corr)"]
[EventRounds "6"]
[SourceTitle "Corr 2008"]
[Source "ChessBase"]
[SourceDate "2008.06.24"]
[SourceVersion "1"]
[SourceVersionDate "2008.06.24"]
[SourceQuality "1"]

1. e4 e5 2. Nf3 Nc6 3. Bc4 Nf6 4. d3 d5 5. exd5 Nxd5 6. 0-0 Be7 7. Re1 f6 8. d4 Nb6 9. Bb5 0-0 10. Bxc6 bxc6 11. dxe5 Qxd1 12. Rxd1 Bg4 13. Nbd2 fxe5 14. Re1 Rae8 15. h3 Bh5 16. Rxe5 Bg6 17. c3 Bd6 18. Rxe8 Rxe8 19. Nb3 Re2 20. Nbd4 Re8 21. Nxc6 Be4 22. Ncd4 Na4 23. c4 a6 24. b3 c5 25. Ba3 Bf8 26. bxa4 cxd4 27. Bxf8 Bxf3 28. Bxg7 Kxg7 29. gxf3 Rc8 30. Rc1 Rc5 31. Kf1 d3 32. Rc3 Kf7 33. Ke1 Ke6 34. Kd2 Rh5 35. Rxd3 Rxh3 36. c5 Rh5 37. c6 Rc5 38. Rc3 Rd5+ 39. Ke3 Rd8 40. c7 Rc8 41. Kf4 Kd7 42. Kg5 Rg8+ 43. Kh6 Kc8 44. Kxh7 Re8 45. Kg6 Re2 46. a3 Rxf2 47. Kg5 Rg2+ 48. Kf5 Rg3 49. Kf4 1-0

[Event "IECC KO email"]
[Site "IECC email"]
[Date "2000.03.31"]
[Round "?"]
[White "Berkley, Stephen W"]
[Black "Foch, Louis"]
[Result "0-1"]
[WhiteElo "1721"]
[BlackElo "1747"]
[PlyCount "66"]
[EventDate "2000.??.??"]
[EventType "tourn (corr)"]
[EventRounds "6"]
[SourceTitle "Corr 2008"]
[Source "ChessBase"]
[SourceDate "2008.06.24"]
[SourceVersion "1"]
[SourceVersionDate "2008.06.24"]
[SourceQuality "1"]

1. Nf3 f5 2. d4 e6 3. g3 c5 4. Bg2 cxd4 5. 0-0 d5 6. Nxd4 Nf6 7. c4 e5 8. Nc2 d4 9. b3 Nc6 10. Bb2 Bc5 11. Nd2 0-0 12. a3 a5 13. Ne1 e4 14. Nc2 Be6 15. Kh1 Qb6 16. Rb1 Rad8 17. b4 axb4 18. axb4 Be7 19. c5 Qb5 20. Bc1 d3 21. exd3 Qxd3 22. Re1 Ng4 23. Kg1 Nxf2 24. Kxf2 Nxb4 25. Rxb4 Bxc5+ 26. Re3 f4 27. gxf4 Rxf4+ 28. Kg1 Bxe3+ 29. Nxe3 Qxe3+ 30. Kh1 Qc3 31. Rxb7 e3 32. Qe1 Bg4 33. h3 exd2 0-1